Online
Catalog

Publicaciones y opiniones de la poesía sorprendida. (Record no. 9285)

MARC details
000 -CABECERA
campo de control de longitud fija 01082nam a2200277 a 4500
001 - NÚMERO DE CONTROL
campo de control 000009525
005 - FECHA Y HORA DE LA ÚLTIMA TRANSACCIÓN
campo de control 20250409122709.0
008 - DATOS DE LONGITUD FIJA--INFORMACIÓN GENERAL
campo de control de longitud fija 090930s1988 dr 000 p spa d
040 ## - FUENTE DE LA CATALOGACIÓN
Centro catalogador/agencia de origen DO-SdBNP
Lengua de catalogación spa
Centro/agencia transcriptor BNPHU
082 ## - NÚMERO DE LA CLASIFICACIÓN DECIMAL DEWEY
Número de clasificación RD861.4209
Número de documento/Ítem P976o
245 00 - MENCIÓN DE TÍTULO
Título Publicaciones y opiniones de la poesía sorprendida.
260 ## - PUBLICACIÓN, DISTRIBUCIÓN, ETC.
Lugar de publicación, distribución, etc. San Pedro de Macorís, Repblica Dominicana :
Nombre del editor, distribuidor, etc. Universidad Central del Este,
Fecha de publicación, distribución, etc. 1988.
300 ## - DESCRIPCIÓN FÍSICA
Extensión 576 p. :
Otras características físicas il. ;
Dimensiones 30 cm.
490 1# - MENCIÓN DE SERIE
Mención de serie UCE,
Designación de volumen o secuencia 70
490 1# - MENCIÓN DE SERIE
Mención de serie Literaria
Designación de volumen o secuencia 15
500 ## - NOTA GENERAL
Nota general Incluye índice onomástico e índice de ediciones de la Poesía Sorprendida.
590 ## - NOTA LOCAL (RLIN)
Nota local Inventariado, 2018/VM
650 #0 - PUNTO DE ACCESO ADICIONAL DE MATERIA--TÉRMINO DE MATERIA
Término de materia o nombre geográfico como elemento de entrada Poesía dominicana
Subdivisión cronológica Siglo XX
9 (RLIN) 11868
650 #4 - PUNTO DE ACCESO ADICIONAL DE MATERIA--TÉRMINO DE MATERIA
Término de materia o nombre geográfico como elemento de entrada Poesía dominicana
Subdivisión cronológica HISTORIA Y CRÍTICA
9 (RLIN) 24346
650 #4 - PUNTO DE ACCESO ADICIONAL DE MATERIA--TÉRMINO DE MATERIA
Término de materia o nombre geográfico como elemento de entrada Poesía dominicana
Subdivisión de forma COLECCIONES
9 (RLIN) 7120
650 #4 - PUNTO DE ACCESO ADICIONAL DE MATERIA--TÉRMINO DE MATERIA
Término de materia o nombre geográfico como elemento de entrada Movimientos literarios
9 (RLIN) 8573
710 1# - PUNTO DE ACCESO ADICIONAL--NOMBRE DE ENTIDAD CORPORATIVA
Nombre de entidad corporativa o nombre de jurisdicción como elemento de entrada Universidad Central del Este
9 (RLIN) 37229
730 3# - PUNTO DE ACCESO ADICIONAL--TÍTULO UNIFORME
Título uniforme La poesía sorprendida (República Dominicana)
9 (RLIN) 24347
830 #0 - PUNTO DE ACCESO ADICIONAL DE SERIE-TÍTULO UNIFORME
Título uniforme Univesidad Central del Este
Designación de volumen o secuencia 70
Nombre de parte o sección de la obra Literaria
Número de parte o sección de la obra 15
9 (RLIN) 24348
910 ## - DATOS DE OPCIÓN DEL USUARIO (OCLC)
Datos de opción del usuario Validado. Control de calidad MMOLINA
Holdings
Estado de retiro Estado de pérdida Restricciones de uso No para préstamo Código de colección Localización permanente Ubicación/localización actual Ubicación en estantería Fecha de adquisición Número de inventario Total de préstamos Signatura topográfica completa Código de barras Fecha visto por última vez Número de copia Precio válido a partir de Tipo de ítem Koha
        Dominicana de Servicio General General Depósito 30.09.2009 LF1   RD861.4209 P976o 9525-30 25.06.2020 e. 3 25.06.2020 Libro y Folleto Colección Dominicana de Servicio
        Dominicana de Servicio General General Depósito 30.09.2009 LF1   RD861.4209 P976o 9525-40 25.06.2020 e. 4 25.06.2020 Libro y Folleto Colección Dominicana de Servicio
        Dominicana de Servicio General General Depósito 30.09.2009 LF1   RD861.4209 P976o 9525-50 25.06.2020 e. 5 25.06.2020 Libro y Folleto Colección Dominicana de Servicio
      Excluido de préstamo Patrimonio Dominicano Patrimonio Dominicano Patrimonio Dominicano Depósito 30.09.2009 LF1   RD861.4209 P976o 9525-10 25.06.2020   25.06.2020 Libro y Folleto Colección Patrimonio Dominicano
      Excluido de préstamo Patrimonio Dominicano Patrimonio Dominicano Patrimonio Dominicano Depósito 30.09.2009 LF1   RD861.4209 P976o 9525-20 25.06.2020 e. 2 25.06.2020 Libro y Folleto Colección Patrimonio Dominicano

Powered by Koha